Countries That Produce The Most Pineapples - Statistics

General Stats
  • This quiz has been taken 97 times
  • The average score is 7 of 15
Answer Stats
% Of Total Produced Country % Correct
1.38% Mexico
96%
2.34% United States
90%
47.5% Costa Rica
62%
1.69% Honduras
62%
1.91% Guatemala
60%
1.57% Spain
58%
15.9% Philippines
57%
1.00% Portugal
43%
1.97% Ecuador
42%
0.82% United Kingdom
42%
0.91% Germany
32%
2.83% Taiwan
28%
7.17% Netherlands
27%
3.16% Belgium
21%
1.31% Ghana
20%
No matching quizzes found
Score Distribution
Percent of People with Each Score
Percentile by Number Answered
Your Score History
You have not taken this quiz